| 000 | 01146cab a2200205 4500 | ||
|---|---|---|---|
| 001 | ##L133940 | ||
| 008 | 060622n2006 000 0 eng u | ||
| 035 | _a(Sirsi) u133940 | ||
| 041 | 0 | _aeng | |
| 110 | 1 |
_aLondon _bGreater London Authority _93989 |
|
| 245 | 0 | 0 | _aLondon to lead way in design and architecture |
| 260 | _c2006 | ||
| 490 | 0 |
_aGLA Press Release _v(321) 20 June 2006 |
|
| 520 | _aThe Mayor of London has announced plans for the establishment of Design for London, a new architecture and urban design unit to support the delivery of world-class architecture and sustainable design for London's built environment. The new unit will work closely with the urban design staff of Transport for London, and be supported by another new unit, the Design for London Advisory Group, which will include leading experts from the architectural and sustainable design world | ||
| 590 | _aIKA040706 | ||
| 651 | 4 | _aLONDON | |
| 690 | _aBUILT ENVIRONMENT-CONSTRUCTION DESIGN-ARCHITECTURAL DESIGN | ||
| 856 | 4 | 1 |
_uhttps://www.london.gov.uk/view_press_release.jsp?releaseid=8392 _zView the item free of charge at www.london.gov.uk/... |
| 942 | _n0 | ||
| 999 |
_c77270 _d77270 |
||